Statistics for Born in Phoenix/Arizona

Click here to take the quiz!

General Stats

  • This quiz has been taken 17 times
    (8 since last reset)
  • The average score is 6 of 15

Answer Stats

HintAnswer% Correct
Actor, known for his role as Billy Batson in "Shazam!"2002Asher Angel
75%
Lead vocalist of Linkin Park1976Chester Bennington
75%
Actress, known for her role as Wonder Woman/Diana Ross in the series "Wonder Woman"1951Lynda Carter
75%
Singer, "Tattoo" "No Air" "One Step at a Time"1989Jordin Sparks
50%
Singer, "Let Me Down Slowly" "If We Have Each Other" "I Built a Friend"1994Alec Benjamin
25%
Actress, "X-Men" "Tick,Tick...boom" "Love, Simon" "Straight Outta Compton"1991Alexandra Shipp
25%
Novelist, "Legally Blonde"1970Amanda Brown
25%
Singer, dancer and member of The Pussycat Dolls1981Ashley Roberts
25%
Republican nominee for president in 1964 and Senator from Arizona from 1953 to 1965 and again from 1969 to 19871909Barry Goldwater
25%
Developer of the "Saw" franchise1963Gregg Hoffman
25%
Actress, "The Edge of Seventeen" "Split" "Five Feet Apart"1995Haley Lu Richardson
25%
Gymnast and Olympic champion on floor exercise at the 2020 Summer Olympics2000Jade Carey
25%
Governor of Arizona since 20231969Katie Hobbs
25%
Head football coach at Arizona State University since 20231990Kenny Dillingham
25%
Singer, dancer and member of The Pussycat Dolls1984Melody Thornton
25%

Score Distribution

Percentile by Number Answered

Percent of People with Each Score

Your Score History

You have not taken this quiz since the last reset